000 02080nam a2200205 a 4500
008 190917t2002 ag |||g |||| 001 0 spa d
020 _a9500722097
041 _aspa
092 _c306.7
_l46
_sKUS
100 1 _aKusnetzoff, Juan Carlos
_94033
245 3 _aEl gran dilema del sexo.
_bLa vida de a dos /
_cJuan Carlos Kusnetzoff
250 _a1a ed.
260 _aBuenos Aires:
_bSudamericana;
_c2002.
300 _a222 p.
500 _aKusnetzoff, J. C. (2002). El gran dilema del sexo. La vida de a dos. (1a ed.). Buenos Aires : Sudamericana.
505 _aEn ser humano se manifiesta a través de dos géneros: hombre o mujer. Esta diferencia dio pie a todo tipo de preguntas, desde la cuestión acerca de si un sexo es "más fuerte" que el otro y por lo tanto "debe" dominarlo hasta -en la actualidad- la injerencia de los genes en la orientación sexual. El médico y sexólogo Juan Carlos Kusnetzoff se introduce de lleno en un terreno tan enigmático como sorprendente. Basándose en sólidos conocimientos científicos pero sin desechar los aportes de la historia, la filosofía, la sociología y la literatura, traza un mapa de la diferencia entre los sexos que resulta apasionante tanto para lectores con conocimientos en la materia como para aquellos que sienten simple curiosidad por "el gran dilema del sexo". Con todo riguroso y toques de humor, describe las diferencias físicas, biológicas y genéticas y las consecuencias que generaron tanto en la teoría como en la práctica. El resultado es un libro repleto de información sorprendente que no cierra el debate sino, por el contrario, deja la puerta abierta para las posturas más polémicas y menos prejuiciosas: "Seguimos sin saber nada con exactitud por qué hay dos sexos. Esta diferencia hace que, otra vez, nos inclinemos ante la naturaleza, que eligió esta estrategia para que nos podamos fusionar y reproducir, y gozar así de nuestro breve pasaje por este planeta".
590 _aProyecto 4to libro, Donación Constanzo, Juan Carlos, marzo 2019
655 _aSociologia
_94034
942 _2ddc
_cLIT
999 _c2875
_d2875